000 01575cam1a220032501 4500
001 lce00193750
008 780103s1974 gw 001 0 eng
010 _a 76509958 //r852
015 _aGFR75-A
020 _cDM19.80
035 _a(Sirsi) r79439
035 _a(DLC) 76509958 //r852
035 _a(UPRA)lce00193750
040 _cICU
_dICU
041 1 _aeng ger
_heng ger
043 _ae-gw---
050 0 _aHV275
_b.F5313
082 _a361/.943
100 1 _aFlamm, Franz.
_6A39200.1
240 1 0 _aSozialwesen und Sozialarbeit in der Bundesrepublik Deutschland. English
_lSozialwesen und Sozialarbeit in der Bundesrepublik Deutschland. English
245 1 0 _aSocial welfare services and social work in the Federal Republic of Germany /
_cFranz Flamm ; [transl. by Annette Brandeis].
260 _aFrankfurt (Main) : Koln ; Stuttgart :
_bDeutscher Verein f. Offentl. u. Private Fursorge ; Grote [in Komm.],
_aFrankfurt (Main) : Koln ; Stuttgart :
_aFrankfurt (Main) : Koln ; Stuttgart :
_bDeutscher Verein f. Offentl. u. Private Fursorge ; Grote [in Komm.],
_c1974.
440 0 _aSchriften des Deutschen Vereins fur Offentliche und Private Fursorge ;
_vSchrift 250E
_6S6360.1
500 _aTranslation of Sozialwesen und Sozialarbeit in der Bundesrepublik Deutschland.
500 _aIncludes index.
650 0 _aSocial service -- Germany (West)
_zSocial service -- Germany (West)
_6S31106.1
651 0 _aGermany (West) -- Social policy.
_xGermany (West) -- Social policy.
_6S31107.1
949 _aHV275
_wlcc
_i-109420
_mMAIN
_tBOOK
_lON-SHELF
004 79439
999 _c71779
_d71779